000 00498nam a22001577a 4500
003 macl
005 20170609115633.0
008 170609b xxu||||| |||| 00| 0 eng d
040 _cmacl
082 _a610
100 _aत्रिवेदी ,डॉ सत्‍या
_967386
245 _aआरोग्‍य के साधन
260 _aदिल्‍ली
_bदिल्‍ली पुस्‍तक सदन
_c2016
650 _aमेडीकल
_967387
942 _2ddc
_cHIN
999 _c56485
_d56485